Logo BPK

Biblioteka

Politechniki Koszalińskiej

Hofmannsthal und seine Zeit : (Rekord nr 50940)

Szczegóły MARC
000 -ETYKIETA REKORDU
podpole kontrolne o stałej długości 00637nam a2200193 i 4500
001 - NUMER KONTROLNY REKORDU
pole kontrolne bgj
040 ## - ŹRÓDŁO KATALOGOWANIA
Instytucja, która utworzyła rekord BPK
041 0# - KOD JĘZYKA
Kod języka tekstu ger
008 - POLE O STAŁEJ DŁUGOŚCI - DANE KONTROLNE
podpole kontrolne o stałej długości s gw f |000 0 ger
100 1# - NAZWA OSOBOWA
Nazwa osobowa BROCH, Hermann
Daty związane z nazwą (1886-1951)
245 10 - TYTUŁ/ODPOWIEDZIALNOŚĆ
Tytuł Hofmannsthal und seine Zeit :
Ciąg dalszy tytułu Eine Studie /
Pozostałe elementy strefy tytułu i oznaczenia odpowiedzialności Hermann Broch ; Mit einem Nachwort von Hannah Arendt.
260 ## - STREFA ADRESU WYDAWNICZEGO
Miejsce wydania München :
Nazwa wydawcy/dystrybutora R. Piper & Co. Verlag,
Data publikacji, dystrybucji/powstania dokumentu 1964.
300 ## - STREFA OPISU FIZYCZNEGO
Objętość 196, [2] S. ;
Rozmiary 19 cm.
490 1# - STREFA SERII I DOKUMENTU WIELOCZĘŚCIOWEGO - FORMA NIE DO WYSZUKIWANIA
Tytuł i oznaczenie odpowiedzialności serii Piper-Bücherei ;
Numeracja w obrębie serii 194
600 19 - HASŁO PRZEDMIOTOWE W FORMIE NAZWY OSOBOWEJ
Nazwa osobowa Hofmannsthal, Hugo von, 1874-1929
650 #9 - HASŁO PRZEDMIOTOWE W FORMIE NAZWY OGÓLNEJ LUB JEDNOSTKOWEJ
Nazwa ogólna lub geograficzna Deutsche Literatur
Określnik ogólny Geschichte und Kritik
Określnik chronologiczny 20. Jahrhundert
830 ## - HASŁO DODATKOWE SERII LUB DOKUMENTU WIELOCZĘŚCIOWEGO - TYTUŁ UJEDNOLICONY
Tytuł ujednolicony Piper-Bücherei ;
856 ## - LOKALIZACJA I DOSTĘP DO ELEKTRONICZNYCH DOKUMENTÓW ZDALNYCH
Link (URL) http://koha.tu.koszalin.pl/cgi-bin/koha/opac-detail.pl?biblionumber=50940
Tekst linku Katalog online BPK
942 ## - DODATKOWE ELEMENTY (KOHA)
Typ dokumentu Książka
Egzemplarze
Wycofany Status egzemplarza Uszkodzony Dostępność Lokalizacja stała Lokalizacja bieżąca Miejsce przechowywania Sygnatura Kod kreskowy Typ dokumentu
      Tylko na miejscu Biblioteka Politechniki Koszalińskiej Biblioteka Politechniki Koszalińskiej Czytelnia Wydziałowa ul. Kwiatkowskiego 6e N 51 09046320 Książka
© 2023 Biblioteka Politechniki Koszalińskiej :: KOHA